Il segreto di Don Giaccardo (Record n. 37795)
[ formato base ]
| 000 -LEADER | |
|---|---|
| fixed length control field | 01456nam a22001817a 4500 |
| 003 - CONTROL NUMBER IDENTIFIER | |
| control field | IT-RoPau |
| 005 - DATE AND TIME OF LATEST TRANSACTION | |
| control field | 20220918175938.0 |
| 008 - FIXED-LENGTH DATA ELEMENTS--GENERAL INFORMATION | |
| fixed length control field | 130118b xxu||||| |||| 00| 0 eng d |
| 040 ## - CATALOGING SOURCE | |
| Transcribing agency | IT-RoPau |
| 100 ## - MAIN ENTRY--PERSONAL NAME | |
| Personal name | Giaccardo Timoteo |
| 9 (RLIN) | 192 |
| 245 ## - TITLE STATEMENT | |
| Title | Il segreto di Don Giaccardo |
| 250 ## - EDITION STATEMENT | |
| Edition statement | II |
| 260 ## - PUBLICATION, DISTRIBUTION, ETC. (IMPRINT) | |
| Place of publication, distribution, etc. | Roma |
| Name of publisher, distributor, etc. | E.P. |
| Date of publication, distribution, etc. | 1978 |
| 300 ## - PHYSICAL DESCRIPTION | |
| Extent | 85 p. |
| Dimensions | 18 cm |
| 490 ## - SERIES STATEMENT | |
| Series statement | Edizioni Paoline |
| Volume/sequential designation | I |
| 520 ## - SUMMARY, ETC. | |
| Summary, etc. | INDICE<br/> <br/>Il grande segreto<br/><br/>Presentazione<br/><br/> UN APOSTOLO DEL DECRETO CONCILIARE <br/> <<INTER MIRIFICA>><br/><br/>Veri mezzi di apostolato<br/>Le edizioni al servizio di Cristo-Parola<br/>Cenni Biografici<br/><br/> MARIA, MADRE MAESTRA E REGINA<br/> DELLA SUA VITA <br/><br/>Il giorno del battesimo<br/>L'ordine della mia vocazione è un ordine mariano<br/>In seminario<br/>Il voto di castità a 14 anni<br/>Il ricorso a Maria nella crisi giovanile<br/>Maria: la via più celere per diventare un altro Cristo<br/>Il segno più evidente<br/>Maria: una presenza ineffabile per ogni suo <<servo>><br/>Ogni cosa nelle mani di Maria<br/>Continuare fedelmente sulla via del santuario<br/>Un voto fatto per Maria<br/>Maria regina dei suoi studi<br/>L'ora della prova e della luce<br/>Un giorno indimenticabile<br/>Sacerdote di Maria<br/>La Madre e e il figlio<br/>La Maestra e il discepolo<br/>La Regina e il suddito e ministro<br/><<La corona dei sabati>><br/>La Comunione dei santi<br/>Preghiera<br/><br/> |
| 942 ## - ADDED ENTRY ELEMENTS (KOHA) | |
| Source of classification or shelving scheme | Dewey Decimal Classification |
| Koha item type | LIBRO |
| Withdrawn status | Lost status | Source of classification or shelving scheme | Damaged status | Not for loan | Home library | Current library | Date acquired | Total Checkouts | Full call number | Date last seen | Price effective from | Koha item type |
|---|---|---|---|---|---|---|---|---|---|---|---|---|
| Dewey Decimal Classification | Buone Condizioni | Not For Loan | PAULUS-BIBLIOTECA | PAULUS-BIBLIOTECA | 18/01/2013 | P B3 | 18/01/2013 | 18/01/2013 | LIBRO |